¿Creeis en el hombre? / (Record no. 130005)

MARC details
000 -LEADER
campo de control de longitud fija 00623nam a2200205 i 4500
001 - NÚMERO DE CONTROL
campo de control 130005
003 - IDENTIFICADOR DE NÚMERO DE CONTROL
campo de control ES-MaACL
005 - FECHA Y HORA DE LA ÚLTIMA TRANSACCIÓN
campo de control 20250808062535.0
007 - CAMPO FIJO DE DESCRIPCIÓN FÍSICA--INFORMACIÓN GENERAL
campo de control de longitud fija t|
008 - DATOS DE LONGITUD FIJA--INFORMACIÓN GENERAL
campo de control de longitud fija 070713s1961 sp ||||1| spa d
100 1# - ENTRADA PRINCIPAL--NOMBRE DE PERSONA
Nombre de persona Zundel, Maurice.
9 (RLIN) 118501
245 12 - MENCIÓN DEL TÍTULO
Título ¿Creeis en el hombre? /
Mención de responsabilidad, etc. Mauricio Zundel ; traducción de Fernando Calvo Gutiérrez.
260 ## - PUBLICACIÓN, DISTRIBUCIÓN, ETC.
Lugar de publicación, distribución, etc. San Sebastián :
Nombre del editor, distribuidor, etc. Dinor,
Fecha de publicación, distribución, etc. 1961 (
Lugar de fabricación/manufactura Burgos :
Fabricante Aldecoa)
300 ## - DESCRIPCIÓN FÍSICA
Extensión 175 p. ;
Dimensiones 18 cm.
490 1# - MENCIÓN DE SERIE
Mención de serie Prisma
700 1# - ENTRADA AGREGADA--NOMBRE PERSONAL
Nombre de persona Calvo Gutierrez, Fernando.
9 (RLIN) 33885
830 00 - PUNTO DE ACCESO ADICIONAL DE SERIE-TÍTULO UNIFORME
Título uniforme Prisma
9 (RLIN) 180749
852 ## - LOCALIZACIÓN
Ubicación ES-MaACL
Número de control de estantería C-22614
Sublocalización o colección R.50110
Holdings
Estatus retirado Estado de pérdida Estado de daño No para préstamo Biblioteca de origen Biblioteca actual Ubicación en estantería Fecha de adquisición Fuente de adquisición Total de préstamos Signatura topográfica completa Código de barras Visto por última vez Precio de reemplazo Tipo de ítem Koha
        Biblioteca del Ateneo de Madrid Biblioteca del Ateneo de Madrid Galería 17/01/2008     C-22614 1135369 23/02/2023 23/02/2023 Libro impreso